000 00722nam a22002297a 4500
001 BR9505416
003 BR-BrBNA
005 20230928094659.0
007 ta
008 230509b bl.||||| |||| 00| 0 por d
040 _aBR-BrBNA
_bpor
_cBiblioteca Nacional de Agricultura
041 _a(Por)
072 _aQ04
_b9340
090 _ 9340 BR9505416
110 1 _aSecretaria da Agricultura e Abastecimento, Florianopolis, SC (Brasil). Projeto de Apicultura
_98295
245 1 _aPrograma para os cursos de producao, industrializacao, analises quimicas e de adulteracao do mel
260 3 _aFlorianopolis, SC (Brasil):
_c1980.
300 _a7 p.
650 _aMel
909 _a202309
_bLucia
_c55
_dLucia Elande
942 _cBK
999 _c52051
_d52051